=LDR 00000nam 2200000 4500 =001 INLIS000000000042017 =005 20130612151522 =008 ***********************************ind** =035 ##$$a0010-061300000042017 =041 ##$$a ind =082 ##$$a 818.083 =090 ##$$a 818.083, Abu s =100 ##$$a Abn Umar Basyier =245 ##$$a Sepenggal duka di langit cinta, Kisah nyata penggugah iman, umar basyier =260 ##$$a 2010 $b [Sl] =300 ##$$a Xiii,195 hlm., 18 cm =650 ##$$a FIKSI REALITA =850 ##$$a NBPNMAT =990 ##$$a 91342/BPAP-NTB/2014